000 00712nam a2200169 a 4500
001 000029819
005 20250217091458.0
008 110426s1986 dr 000 0 spa d
040 _aDO-SdBNP
_bspa
_cBNPHU
082 _axxx
_bC748o
100 1 _a López Rodríguez, Nicolás de Jesús,
_d1936-
_9670
245 1 0 _aOpúsculo /
_cNicolás de Jesús López Rodríguez.
260 _aSanto Domingo :
_bCámara Dominicao - Israelí de Comercio,
_c[1986].
300 _a13 p.
500 _aConferencia dictada ante la Cámara de Comercio Domínico - Israelí por su Excelencia Revendísima Monseñor Nicolás de Jesús López Rodríguez, Arzobispo metropolitano de Santo Domingo Primada de América.
049 _aBNPD
999 _c29311
_d29311